| 000 | 00562nam a2200205Ia 4500 | ||
|---|---|---|---|
| 003 | OSt | ||
| 005 | 20200916151541.0 | ||
| 008 | 190216s9999||||xx |||||||||||||| ||und|| | ||
| 020 | _a9780070667310 | ||
| 020 | _a9780070702189 | ||
| 040 | _coclc | ||
| 082 |
_a530 _bWIC/Q |
||
| 100 |
_aWichmann, Eyvind H _94645 |
||
| 245 | 0 |
_aQuantum Physics / _cEyvind H Wichmann |
|
| 250 | _aVol - 4 | ||
| 260 |
_bTata Mcgrawhill Publishers, _aNew Delhi: _c2008. |
||
| 300 | _a423p | ||
| 650 | _aPhysics | ||
| 942 |
_cBK _2ddc _h530 _iWIC/Q _k530 _mWIC/Q |
||
| 999 |
_c34125 _d34125 |
||